000 00668nam a2200229 i 4500
001 C2-0225233
003 PPAK
005 20210830235202.0
008 000605s1975 enk |||| ||||| | eng d
040 _aPPAK
_beng
_cPPAK
_erda
082 0 4 _a952.031
_223
090 0 0 _a952.031
_bMOR
_dKSA
100 1 _aMorris, Ivan,
_eauthor.
245 1 4 _aThe nobility of failure:
_btragic heroes in the history of Japan /
_cIvan Morris
264 1 _aEngland :
_bPenguin Books ,
_c1975
300 _axxiii, 500 pages ;
_c20 cm
336 _2rdacontent
_atext
337 _2rdamedia
_aunmediated
338 _2rdacarrier
_avolume
650 1 0 _aJapan
_vHistory
942 _cB
_2ddc
999 _c145965
_d145965